|
|
|
|
| LEADER |
00000cas a2200000 a 4500 |
| 001 |
vtls001122628 |
| 003 |
SK-MaSNL |
| 005 |
20260425194052.0 |
| 008 |
180815u198u198uxo ar|p 0 0b0slo |
| 035 |
|
|
|a SNK000065471
|
| 040 |
|
|
|a SNK
|b slo
|c SNK
|e AACR2
|
| 041 |
0 |
|
|a slo
|
| 043 |
|
|
|a e-xo---
|
| 044 |
|
|
|a xo
|c SK
|
| 072 |
|
7 |
|a 908(437)
|x Vlastiveda Česka a Slovenska
|2 konspekt
|
| 080 |
|
|
|a 908
|2 2011
|
| 080 |
|
|
|a (437.6)
|2 2011
|
| 080 |
|
|
|a 050
|2 2001
|
| 080 |
|
|
|a (036)
|2 2011
|
| 245 |
0 |
0 |
|a Informátor okresu Banská Bystrica
|
| 260 |
|
|
|a Banská Bystrica
|b ONV
|c [198-]-[198-]
|
| 300 |
|
|
|a zv.
|c 18 cm
|
| 310 |
|
|
|a 1x ročne
|
| 362 |
0 |
|
|a [198-]-[198-]
|
| 650 |
0 |
7 |
|a vlastiveda
|2 SNKPH
|9 3887
|
| 651 |
|
7 |
|a Banská Bystrica (Slovensko : okres)
|2 SNKPHgeo
|9 74246
|
| 655 |
|
7 |
|a informačné publikácie
|2 SNKPH
|9 70181
|
| 850 |
|
|
|a Slovenská národná knižnica v Martine
|
| 910 |
|
|
|a snk
|
| 958 |
|
|
|a OND
|
| 999 |
|
|
|c 3210
|d 5140
|
| 952 |
|
|
|a SNK
|b SNK
|y PREZ
|7 0
|p 17A0070533
|o snkČSD 1643/1987 D1
|0 0
|1 0
|4 0
|d 1998-06-12
|l 0
|r 2004-12-31 00:00:00
|w 2026-02-21
|